[Event "Regionalliga Nord-West 1819"]
[Site "Bayern"]
[Date "2019.04.07"]
[Round "9.8"]
[White "Weinberg, Wladimir"]
[Black "Neuberg, Hans Gerhard"]
[Result "1/2-1/2"]
[WhiteElo "1768"]
[BlackElo "1806"]
[PlyCount "59"]
[EventDate "2018.10.21"]
[EventType "team-tourn"]
[EventRounds "9"]
[EventCountry "GER"]
[SourceTitle "EXT 2022"]
[Source "ChessBase"]
[SourceDate "2021.10.06"]
[SourceVersion "1"]
[SourceVersionDate "2021.10.06"]
[SourceQuality "1"]
[WhiteTeam "Bamberg SC II"]
[BlackTeam "Kronach"]
[WhiteTeamCountry "GER"]
[BlackTeamCountry "GER"]

1. Nf3 Nc6 2. g3 e5 3. d3 d5 4. Nbd2 Be6 5. Bg2 Be7 6. 0-0 h5 7. h4 g5 8. Nxg5 Bxg5 9. hxg5 Qxg5 10. Nf3 Qg7 11. Nh4 0-0-0 12. c3 Nge7 13. Qa4 Kb8 14. e4 Ng6 15. exd5 Bxd5 16. Bxd5 Rxd5 17. Qe4 Rhd8 18. Bg5 f6 19. Bxf6 Qxf6 20. Qxg6 Qxg6 21. Nxg6 Rxd3 22. Rfe1 R3d5 23. Re2 Rg8 24. Nh4 Kc8 25. Kg2 Kd7 26. Rh1 Rg5 27. Nf3 Rf5 28. Rd2 Ne7 29. Rxd5+ Nxd5 30. Nd2 1/2-1/2

[Event "Landesliga Nord 1011"]
[Site "Bayern"]
[Date "2010.10.10"]
[Round "1.5"]
[White "Weinberg, Wladimir"]
[Black "Heimerdinger, Joerg"]
[Result "0-1"]
[WhiteElo "1871"]
[BlackElo "1979"]
[PlyCount "110"]
[EventDate "2010.10.10"]
[EventType "team-tourn"]
[EventRounds "9"]
[EventCountry "GER"]
[SourceTitle "EXT 2012"]
[Source "ChessBase"]
[SourceDate "2011.11.24"]
[SourceVersion "1"]
[SourceVersionDate "2011.11.24"]
[SourceQuality "1"]
[WhiteTeam "Bamberg"]
[BlackTeam "Bindlach II"]
[WhiteTeamCountry "GER"]
[BlackTeamCountry "GER"]

1. Nf3 Nf6 2. g3 g6 3. Bg2 Bg7 4. 0-0 0-0 5. c4 d6 6. d4 Nbd7 7. Nc3 c6 8. e4 Qc7 9. h3 e5 10. Be3 Re8 11. dxe5 dxe5 12. Qc2 Nf8 13. Rfd1 b6 14. c5 Ne6 15. cxb6 axb6 16. Rac1 Ba6 17. Nd5 cxd5 18. exd5 Qxc2 19. Rxc2 Nc5 20. Bxc5 bxc5 21. Rxc5 Be2 22. Rd2 Bxf3 23. Bxf3 e4 24. Be2 Rxa2 25. d6 Raa8 26. Rc7 Rad8 27. Bb5 Rf8 28. d7 h5 29. b4 Bh6 30. Rd6 Kg7 31. Bc6 e3 32. Kf1 exf2 33. Kxf2 h4 34. Rd3 hxg3+ 35. Kxg3 Nh5+ 36. Kf3 Bf4 37. Ra7 Bb8 38. Ra8 Nf4 39. Re3 Ne6 40. b5 Rh8 41. Kg2 Nf4+ 42. Kf1 Ne6 43. Ra2 Nc5 44. Re8 Ne6 45. Kg2 Nd4 46. Ra1 Rf8 47. Re4 Ne6 48. b6 Kf6 49. Rc1 Ke7 50. Bb5 Rh8 51. Rec4 Bd6 52. Rc8 Rh5 53. Rxd8 Nxd8 54. Ba4 Rg5+ 55. Kf2 Bc5+ 0-1

[Event "Regionalliga NW 0809"]
[Site "Bayern"]
[Date "2009.03.29"]
[Round "9.6"]
[White "Kuespert, Helmut"]
[Black "Weinberg, Wladimir"]
[Result "0-1"]
[WhiteElo "1940"]
[BlackElo "1923"]
[PlyCount "78"]
[EventDate "2008.10.05"]
[EventType "team-tourn"]
[EventRounds "9"]
[EventCountry "GER"]
[SourceTitle "EXT 2020"]
[Source "ChessBase"]
[SourceDate "2019.10.17"]
[SourceVersion "1"]
[SourceVersionDate "2019.10.17"]
[SourceQuality "1"]
[WhiteTeam "Marktleuthen"]
[BlackTeam "Bamberg SC II"]
[WhiteTeamCountry "GER"]
[BlackTeamCountry "GER"]

1. e4 d6 2. d4 Nf6 3. Nc3 g6 4. f3 c6 5. Be3 Bg7 6. Qd2 Qa5 7. g3 Nbd7 8. Bg2 0-0 9. Nge2 b5 10. 0-0 b4 11. Nd1 c5 12. Nf2 Nb6 13. Qd1 Nc4 14. Bc1 Ba6 15. Re1 Rac8 16. c3 bxc3 17. bxc3 Rb8 18. Qc2 Rfc8 19. d5 Na3 20. Bxa3 Qxa3 21. Rab1 Rb6 22. Rxb6 axb6 23. Rb1 Rb8 24. Nd1 Nd7 25. Rb3 Qa5 26. Bf1 Bc4 27. Rb2 Ne5 28. f4 Bd3 29. Qc1 Nc4 30. Rb1 Bxe4 31. Ra1 Bxd5 32. a4 Be6 33. Ne3 Nxe3 34. Qxe3 b5 35. Bg2 b4 36. Rb1 Qxa4 37. cxb4 cxb4 38. Bf3 b3 39. Nc3 Qd4 0-1

[Event "Landesliga Nord 0304"]
[Site "Bayern"]
[Date "2004.03.28"]
[Round "8.8"]
[White "Weinberg, Wladimir"]
[Black "Grafl, Reinhard"]
[Result "0-1"]
[WhiteElo "1953"]
[BlackElo "1861"]
[PlyCount "77"]
[EventDate "2003.10.??"]
[EventType "team"]
[EventRounds "9"]
[EventCountry "GER"]
[SourceTitle "EXT 2006"]
[Source "ChessBase"]
[SourceDate "2005.11.24"]
[SourceVersion "1"]
[SourceVersionDate "2005.11.24"]
[SourceQuality "1"]
[WhiteTeam "Bamberg II"]
[BlackTeam "Kelheim"]
[WhiteTeamCountry "GER"]
[BlackTeamCountry "GER"]

1. Nf3 d5 2. g3 Nf6 3. Bg2 g6 4. 0-0 Bg7 5. d3 0-0 6. Nbd2 c5 7. e4 d4 8. Qe2 Nc6 9. a4 e5 10. Nc4 Qe7 11. h3 b6 12. g4 Ne8 13. g5 Nd6 14. Nxd6 Qxd6 15. Nd2 Be6 16. Nf3 f5 17. exf5 gxf5 18. Nh4 Bd5 19. f4 Ne7 20. Bd2 Bxg2 21. Nxg2 Nd5 22. Rae1 Rae8 23. Qh5 e4 24. Re2 e3 25. Be1 Re6 26. h4 h6 27. Bg3 hxg5 28. hxg5 Ne7 29. Nh4 Ng6 30. Rh2 Nxh4 31. Rxh4 Rg6 32. Qe2 Rxg5 33. Rf3 Rg6 34. Qg2 Qc6 35. Rf1 Rff6 36. Rf3 Rh6 37. Rxh6 Rxh6 38. Be1 Qxa4 39. Qg5 0-1

[Event "Landesliga Nord 0203"]
[Site "Bayern"]
[Date "2003.01.12"]
[Round "4.8"]
[White "Schnell, Manfred"]
[Black "Weinberg, Wladimir"]
[Result "1-0"]
[WhiteElo "2069"]
[BlackElo "1933"]
[PlyCount "43"]
[EventDate "2002.10.20"]
[EventType "team"]
[EventRounds "9"]
[EventCountry "GER"]
[SourceTitle "EXT 2004"]
[Source "ChessBase"]
[SourceDate "2003.11.25"]
[SourceVersion "1"]
[SourceVersionDate "2003.11.25"]
[SourceQuality "1"]
[WhiteTeam "Dettingen"]
[BlackTeam "Bamberg II"]
[WhiteTeamCountry "GER"]
[BlackTeamCountry "GER"]

1. e4 d6 2. d4 Nf6 3. Nc3 g6 4. Bc4 Nc6 5. h3 Bg7 6. Be3 0-0 7. Nf3 Nd7 8. Qd2 Na5 9. Be2 b6 10. b4 Nb7 11. b5 a6 12. 0-0 axb5 13. Bxb5 Na5 14. a4 Ba6 15. Qd3 Qc8 16. Nd5 Re8 17. Bxa6 Rxa6 18. Nxc7 Qxc7 19. Qxa6 Qxc2 20. Qb5 Rd8 21. Rfc1 Qxe4 22. Qxd7 1-0

[Event "Bayern-ch Seniors 14th"]
[Site "Schloss Schney"]
[Date "2002.06.05"]
[Round "6"]
[White "Schurig, Wilhelm"]
[Black "Weinberg, Wladimir"]
[Result "1/2-1/2"]
[WhiteElo "1975"]
[BlackElo "1909"]
[PlyCount "108"]
[EventDate "2002.05.31"]
[EventType "swiss"]
[EventRounds "9"]
[EventCountry "GER"]
[SourceTitle "EXT 2003"]
[Source "ChessBase"]
[SourceDate "2002.11.25"]
[SourceVersion "1"]
[SourceVersionDate "2002.11.25"]
[SourceQuality "1"]

1. Nf3 Nf6 2. g3 g6 3. Bg2 Bg7 4. d3 d5 5. 0-0 0-0 6. Nbd2 c6 7. e4 dxe4 8. dxe4 Bg4 9. Qe2 Qc7 10. h3 Bxf3 11. Nxf3 e5 12. b3 Nbd7 13. a4 a5 14. Bb2 Rfe8 15. Rad1 Nc5 16. Nd2 Rad8 17. Nc4 Rxd1 18. Rxd1 Nfd7 19. Qd2 Bf8 20. Qxa5 b6 21. Qd2 Nf6 22. Qe2 Nfd7 23. Bc1 Ne6 24. c3 Ndc5 25. Qc2 b5 26. axb5 cxb5 27. Ne3 Qc6 28. Nd5 Ra8 29. Bb2 Na6 30. Ra1 Rc8 31. Qd1 Nec5 32. Ba3 Kg7 33. Nb4 Nxb4 34. Bxb4 Nxe4 35. Bxf8+ Rxf8 36. Qe1 f5 37. Bxe4 fxe4 38. Qe3 Rf7 39. Re1 Rf3 40. Qxe4 Qxe4 41. Rxe4 Rxc3 42. Rb4 Rc1+ 43. Kg2 Rc5 44. Kf3 Kf6 45. Ke4 Ke6 46. f4 exf4 47. Kxf4 Rf5+ 48. Ke3 Kd6 49. Rd4+ Kc5 50. b4+ Kc6 51. Re4 Kd6 52. Re8 Re5+ 53. Rxe5 Kxe5 54. g4 g5 1/2-1/2

[Event "Bayern-ch Seniors 13th"]
[Site "Schloss Schney"]
[Date "2001.??.??"]
[Round "2"]
[White "Kunath, Werner"]
[Black "Weinberg, Wladimir"]
[Result "0-1"]
[WhiteElo "1908"]
[BlackElo "1855"]
[PlyCount "79"]
[EventDate "2001.06.??"]
[EventType "swiss"]
[EventRounds "9"]
[EventCountry "GER"]
[SourceTitle "EXT 2006"]
[Source "ChessBase"]
[SourceDate "2005.11.24"]
[SourceVersion "1"]
[SourceVersionDate "2005.11.24"]
[SourceQuality "1"]

1. d4 Nf6 2. Nc3 g6 3. e4 d6 4. f4 Bg7 5. Be2 0-0 6. Be3 e5 7. fxe5 dxe5 8. d5 Ng4 9. Bxg4 Qh4+ 10. Bf2 Qxg4 11. Qxg4 Bxg4 12. Nf3 c6 13. 0-0-0 f5 14. Rhf1 fxe4 15. Nxe4 Bxf3 16. gxf3 Rxf3 17. d6 Nd7 18. Nc5 Nxc5 19. Bxc5 Rxf1 20. Rxf1 b6 21. Ba3 a5 22. d7 c5 23. Rd1 Rd8 24. c3 Bf8 25. b4 cxb4 26. cxb4 axb4 27. Bb2 Kf7 28. Bxe5 Ke6 29. Bc7 Rxd7 30. Re1+ Kd5 31. Bxb6 Bd6 32. Re2 g5 33. Kc2 Kc4 34. Rd2 Kb5 35. Be3 Rc7+ 36. Kd1 Be7 37. Rd5+ Kc6 38. Rf5 h6 39. Ra5 Kd7 40. Bd2 0-1